Online
Catalog

Trabajo, fortuna y poder : (Record no. 33974)

MARC details
000 -CABECERA
campo de control de longitud fija 00799nam a2200193 a 4500
001 - NÚMERO DE CONTROL
campo de control 000034483
005 - FECHA Y HORA DE LA ÚLTIMA TRANSACCIÓN
campo de control 20200930073726.0
008 - DATOS DE LONGITUD FIJA--INFORMACIÓN GENERAL
campo de control de longitud fija 111005s2005 mx 000 0 spa d
020 ## - NÚMERO INTERNACIONAL ESTÁNDAR DEL LIBRO
Número Internacional Estándar del Libro 9781872843865
040 ## - FUENTE DE LA CATALOGACIÓN
Centro catalogador/agencia de origen DO-SdBNP
Lengua de catalogación spa
Centro/agencia transcriptor BNPHU
049 ## - FONDOS LOCALES (OCLC)
Fondos de biblioteca BNPD
100 1# - ENTRADA PRINCIPAL--NOMBRE DE PERSONA
Nombre de persona Águila M., Marcos Tonatiuh.
9 (RLIN) 59924
245 10 - MENCIÓN DE TÍTULO
Título Trabajo, fortuna y poder :
Resto del título Manuel Espinosa Yglesias un empresario mexicano del siglo XX /
Mención de responsabilidad, etc. responsables, Marcos T. Águila, Martí Soler, Roberto Suárez ; investigadores, Cuauhtémoc Ochoa, Haydeé Villacorta.
260 ## - PUBLICACIÓN, DISTRIBUCIÓN, ETC.
Fecha de publicación, distribución, etc. México : 2005.
Nombre del editor, distribuidor, etc. Centro de Estudios Espinosa Yglesias,
Fecha de publicación, distribución, etc. 2007.
300 ## - DESCRIPCIÓN FÍSICA
Extensión 379 p. ;
Dimensiones 23 cm.
500 ## - NOTA GENERAL
Nota general Incluye referencias bibliográficas y notas al pie de las páginas
700 1# - PUNTO DE ACCESO ADICIONAL--NOMBRE DE PERSONA
Nombre de persona Soler, Martí
9 (RLIN) 29456
700 12 - PUNTO DE ACCESO ADICIONAL--NOMBRE DE PERSONA
Nombre de persona Suárez, Roberto.
9 (RLIN) 59925
Holdings
Estado de retiro Estado de pérdida Restricciones de uso No para préstamo Código de colección Localización permanente Ubicación/localización actual Ubicación en estantería Fecha de adquisición Número de inventario Total de préstamos Signatura topográfica completa Código de barras Fecha visto por última vez Precio válido a partir de Tipo de ítem Koha Número de copia
      Excluido de préstamo Monografías: Libros y Folletos General General En catalogación 05.10.2011 LF1   34483-10 25.06.2020 25.06.2020 No se presta  
      Excluido de préstamo Monografías: Libros y Folletos General General En catalogación 23.07.2013 LF1   34483-20 25.06.2020 25.06.2020 No se presta e. 2

Powered by Koha